01463nam a2200349 a 4500001001000000003000500010005001700015008004100032010001100073011001100084040000900095090001000104100004100114245016400155260004100319500006000360502012400420590004100544590004000585590004000625590004000665650004300705650005400748650003600802650004900838856007000887901000700957942001000964942000600974999001900980952011400999000115827CHAP20220329144550.0190710s2019 mx a sm |||||||spa d a112288 a113260 cCHAP aTesis1 aCisneros Salazar, Surizadai.913650110aAdición de ácidos grasos poliinsaturados en la dieta del cerdo y su efecto en el múslo Longissimus dorsi /h[En línea]cpor Surizadai Cisneros Salazar. aChapingo, Méx. :bEl autor,c2019. aPara ver el contenido del material haga clic en la liga aTesis (Ing. Agr. Zootecnista) -- Colegio Superior Agropecuario del Estado de Guerrero. Centro de Estudios Profesionales aBATCH-UPDb05c20190715lUCH01h1241 aE8697GMMb05c20190710lUCH01h1429 aE8697GMMb05c20190710lUCH01h1430 aE8697GMMb05c20190715lUCH01h124114aGanado porcinoxAlimentación.94532914aGanado porcinoxCrecimientoxSuplementos.913205314aGanado porcinoxEngorda.94536214aTilapiaxAlimentación y alimentos.9126825 aFinding aiduhttp://10.13.5.2/tesis/sist115827.pdfzTeclea aquí aBK cTESIS n0 c112288d112288 00102local40718TESISaBCbBCd2019-07-10fTESISl0oTesisp115838-10r2019-12-31 00:00:00w2019-07-10yCD